[Event "94th Tradewise Hastings Congress"]
[Site "Hastings"]
[Date "2018.12.31"]
[Round "4"]
[White "Boswell, Jacob Connor"]
[Black "Royset, Pal"]
[Result "1/2-1/2"]
[WhiteElo "1858"]
[BlackElo "2182"]
[Annotator "TA"]
[PlyCount "99"]
[EventDate "2018.12.28"]
[EventType "swiss"]
[EventCountry "ENG"]
[SourceTitle "playchess.com"]
[Source "ChessBase"]
[SourceQuality "1"]

{[%evp 23,99,-34,-4,-20,-21,-39,0,-56,-62,-67,-58,-65,-42,-113,-109,-101,-100,-147,-136,-260,-130,-270,-259,-220,-189,-204,-139,-189,-167,-190,-189,-293,-283,-370,-366,-336,-359,-429,-368,-323,0,0,0,0,0,0,27,47,79,14,44,14,161,166,165,0,0,0,5,0,0,0,0,0,0,0,0,0,0,0,8,8,8,8,8,8,8,8]} 1. e4 c5 2. Nf3 d6 3. d4 cxd4 4. Nxd4 Nf6 5. Nc3 a6 6. Be2 e5 7. Nb3 Be6 8. O-O Nbd7 9. f4 Rc8 10. a4 Be7 11. Be3 O-O 12. Qd2 Qc7 13. Kh1 {[#] B92: Sicilian Najdorf: 6 Be2} Rfe8 $146 ({Predecessor:} 13... Nb6 14. a5 Nc4 15. Bxc4 Qxc4 16. Qe1 d5 17. Nd2 Qc6 18. fxe5 Nxe4 19. Ncxe4 dxe4 20. c3 Bd5 {0-1 (46) Degerman,L (2415)-Pigusov,E (2540) Vienna 1991}) 14. Rfd1 Bf8 15. Bf3 (15. f5 $11 Bc4 16. a5) 15... exf4 $15 16. Bxf4 Ne5 {[%cal Bd7e5,Be5c4,Bc4b2][%mdl 32]} 17. Nd4 Nc4 18. Qc1 (18. Nxe6 $15 fxe6 19. Qc1) 18... Nxb2 $17 {[%mdl 64] Remove Defender} 19. Qxb2 Qxc3 20. Qxb7 {[#]} Ng4 $1 21. Nxe6 (21. Kg1 $17 d5 22. Qb3 (22. Nxe6 $2 Bc5+ 23. Kf1 fxe6 $19) 22... dxe4 23. Nxe6 exf3 24. Qxc3 Rxc3 25. Nxf8 f2+ 26. Kf1) 21... Nf2+ $19 {[%mdl 64] Double Attack} 22. Kg1 Nxd1 23. Rxd1 fxe6 {[%cal Bf7e6,Be6e5,Be5e4,Be4e3][%mdl 32]} 24. Qxa6 e5 25. Bd2 Qxc2 26. a5 {[#]} d5 $1 27. exd5 (27. Qe2 $142) 27... e4 28. Bg4 Bc5+ 29. Kh1 e3 30. Be1 e2 31. Rd2 {[#]} Qd1 $2 (31... Qb1 $1 $19 {[%cal Rb1e1][%mdl 512]} 32. Be6+ Kh8 33. Qxe2 Bb4) 32. Be6+ $11 Kh8 {[%cal Rd1e1]} 33. Qxe2 Qxe2 34. Rxe2 Rcd8 {Strongly threatening ...Rxd5!} 35. Re4 Rf8 {[%cal Rf8f1]} 36. h4 (36. g3 $16) 36... Bd6 {[%cal Rf8f1]} 37. g4 (37. g3 {is more complex.} Rb8 38. Re2 Rb3 39. h5 Bxg3 40. Bxg3 Rxg3 41. Ra2) 37... Rf4 (37... Rb8 $11 {and Black is okay.} 38. Re2 Rf3) 38. Rxf4 $18 Bxf4 {[%mdl 4096] Endgame KRB-KB} 39. Bf2 $2 (39. h5 $18) 39... Ra8 $11 {The position is equal.} 40. Bb6 {With the idea g5.} Bd2 41. d6 Bxa5 42. Bxa5 Rxa5 {KR-KB} 43. d7 {[%cal Rd7d8]} Ra8 44. h5 $1 h6 45. Kg2 Kh7 46. Kf3 {Black must now prevent Ke4.} g6 47. Ke4 {Hoping for Ke5.} gxh5 48. gxh5 Kg7 $1 {[%cal Rg7f6] aiming for ...Kf6.} 49. Ke5 Rd8 50. Bf5 {Accuracy: White = 43%, Black = 68%.} 1/2-1/2

[Event "94th Tradewise Hastings Congress"]
[Site "Hastings"]
[Date "2018.12.31"]
[Round "4"]
[White "Rahulan, Thivyaa"]
[Black "Nettleton, Charlie B"]
[Result "0-1"]
[WhiteElo "1814"]
[BlackElo "2059"]
[Annotator "NA RC"]
[PlyCount "90"]
[EventDate "2018.12.28"]
[EventType "swiss"]
[EventCountry "ENG"]
[SourceTitle "playchess.com"]
[Source "ChessBase"]
[SourceQuality "1"]
[TimeControl "40/6000+30:3000+30"]

1. e4 {[%emt 0:00:00]} g6 {[%emt 0:00:00]} 2. d4 {[%emt 0:00:00]} Bg7 {[%emt 0:00:00]} 3. Nc3 {[%emt 0:00:07]} d6 {[%emt 0:00:05]} 4. h3 {[%emt 0:00:53]} a6 {[%emt 0:00:26]} 5. a4 {[%emt 0:01:49]} b6 {[%emt 0:02:12] B06: Modern Defence} 6. Nf3 {[%emt 0:02:43]} (6. g4 Bb7 7. Bg2 e6 8. Nge2 Nd7 9. Be3 h5 10. Rg1 hxg4 11. hxg4 c5 12. Qd2 Ne7 13. f4 cxd4 14. Nxd4 {½-½ (32) Chigaev,M (2542)-Dubov,D (2666) Kolomna 2016}) 6... Bb7 {[%emt 0:00:31]} 7. Bf4 {[%emt 0:03:15]} e6 {[%emt 0:08:13]} 8. Bg5 $146 {[%emt 0:05:31]} ({Predecessor:} 8. Be2 Nd7 9. O-O Ne7 10. e5 d5 11. b4 c5 12. b5 a5 {½-½ (30) Andersson,C (2170)-Vasilevich,T (2385) Reykjavik 2006}) 8... Ne7 {[%emt 0:01:11]} 9. Be2 {[%emt 0:00:32]} h6 {[%emt 0:00:28]} 10. Be3 {[%emt 0:00:38]} Nd7 {[%emt 0:06:47]} 11. Qd2 {[%emt 0:04:12]} Nf6 {[%emt 0:01:33]} 12. Bd3 {[%emt 0:00:22]} c5 {[%emt 0:14:38]} 13. O-O {[%emt 0:10:55]} c4 {[%emt 0:01:24]} 14. Bxc4 {[%emt 0:00:31]} Nxe4 {[%emt 0:00:47]} 15. Nxe4 {[%emt 0:00:12]} Bxe4 {[%emt 0:00:04]} 16. Be2 {[%emt 0:00:25]} Nf5 {[%emt 0:08:33]} 17. c3 {[%emt 0:10:07]} O-O {[%emt 0:03:19]} 18. Rfe1 {[%emt 0:03:21]} Qc7 {[%emt 0:06:01]} 19. Nh2 {[%emt 0:08:25]} Qb7 {[%emt 0:14:24]} 20. Bf3 {[%emt 0:00:45]} Bxf3 {[%emt 0:00:29]} 21. Nxf3 {[%emt 0:00:10]} Qd5 {[%emt 0:01:03]} 22. Qd3 {[%emt 0:07:43]} b5 {[%emt 0:00:14]} 23. Nd2 {[%emt 0:02:15]} e5 {[%emt 0:06:26]} 24. Ne4 {[%emt 0:09:41]} Nxe3 {[%emt 0:01:02]} 25. fxe3 {[%emt 0:00:50]} f5 {[%emt 0:00:14]} 26. Nd2 {[%emt 0:00:49]} e4 {[%emt 0:00:48]} 27. Qe2 {[%emt 0:00:33]} Qc6 {[%emt 0:06:36]} 28. axb5 {[%emt 0:07:17]} axb5 {[%emt 0:06:57]} 29. Rf1 {[%emt 0:06:55]} d5 {[%emt 0:03:14]} 30. Nb3 {[%emt 0:03:00]} Qc4 {[%emt 0:00:52]} 31. Qc2 {[%emt 0:02:46]} Rxa1 {[%emt 0:09:16]} 32. Rxa1 {[%emt 0:00:57]} f4 {[%emt 0:00:24]} 33. Nc5 {[%emt 0:02:33]} b4 {[%emt 0:05:15]} 34. Ne6 {[%emt 0:02:36]} Rf7 {[%emt 0:00:21]} 35. Nxf4 {[%emt 0:00:25]} Bxd4 {[%emt 0:00:43]} 36. Nxd5 {[%emt 0:03:20]} Bc5 {[%emt 0:01:33]} 37. Qd2 {[%emt 0:03:14]} b3 {[%emt 0:00:33]} 38. Nb4 {[%emt 0:03:41]} Kg7 {[%emt 0:01:22]} 39. Rc1 {[%emt 0:02:16]} h5 {[%emt 0:00:14]} 40. Rd1 {[%emt 0:01:19]} Rb7 {[%emt 0:00:21]} 41. h4 {[%emt 0:03:52]} Qe6 {[%emt 0:15:41]} 42. Nd5 {[%emt 0:02:51]} Qg4 {[%emt 0:00:37]} 43. Qe1 {[%emt 0:00:31]} Rf7 $11 {[%emt 0:01:02]} 44. Kh1 {[%emt 0:03:52]} Bd6 {[%emt 0:01:26]} 45. c4 {[%emt 0:13:48]} Rf1+ {[%emt 0:01:04]} 0-1

[Event "94th Tradewise Hastings Congress"]
[Site "Hastings"]
[Date "2018.12.31"]
[Round "4"]
[White "Gu, In Jung"]
[Black "Anderson, John"]
[Result "0-1"]
[WhiteElo "1794"]
[BlackElo "2163"]
[Annotator "TA"]
[PlyCount "77"]
[EventDate "2018.12.28"]
[EventType "swiss"]
[EventCountry "ENG"]
[SourceTitle "playchess.com"]
[Source "ChessBase"]
[SourceQuality "1"]

{[%evp 17,77,-4,-3,-7,-11,-15,-1,-32,-33,-45,-41,-32,-20,-17,4,0,48,-21,0,0,0,-35,-29,-20,-31,-34,-47,-33,-33,-45,0,0,0,0,0,-47,-63,-63,-41,-151,-144,-332,-283,-417,-385,-377,-352,-700,-862,-893,-848,-814,-804,-784,-800,-7100,-6706,-5521,-5525,-29971,-29946,-5683]} 1. Nf3 c5 2. c4 Nc6 3. Nc3 g6 4. e3 Nf6 5. d4 cxd4 6. exd4 d5 7. Be2 Bg7 8. O-O O-O 9. Ne5 Be6 {LiveBook: 4 Games. D94: Grünfeld: 4 Nf3 Bg7 5 e3} (9... dxc4 10. Nxc6 bxc6 11. Bxc4 Bg4 12. Qa4 Bd7 13. Rd1 c5 14. Bb5 cxd4 15. Rxd4 Bxb5 16. Rxd8 Bxa4 17. Rxa8 Rxa8 18. Nxa4 Nd5 19. Bg5 {½-½ (42) Lenic,L (2575)-Mikhalevski,V (2625) Novi Sad 2009}) 10. Nxc6 bxc6 11. c5 Ne4 {The position is equal.} 12. Nxe4 $146 (12. Na4 {with more complications.} Bd7 13. f3 Nf6 14. b3 Qc7 15. Qd2) ({Predecessor:} 12. Qa4 Nxc3 13. bxc3 Bd7 14. Rb1 Qc7 15. Ba6 Rab8 16. Bg5 f6 17. Bh4 {1-0 (38) Pfleger,S (2134)-Buendgen,A (2155) Germany 2010}) 12... dxe4 13. Be3 f5 14. g3 Rb8 15. Qd2 Rb7 16. b4 Rd7 {[%cal Rg7d4]} 17. Rfd1 (17. b5 $14) 17... g5 18. Bxg5 Bxd4 19. Qf4 Bxa1 20. Rxa1 Qb8 21. Qc1 Qxb4 {Strongly threatening ...Qd4.} 22. Bh6 Rf6 23. Rb1 {[#]} Qxb1 $1 {[%mdl 576] Deflection} 24. Qxb1 {Intending Qb8+ and mate.} Rxh6 25. Qb8+ Kg7 26. Qb4 Rf6 27. a4 Bd5 28. Qc3 ({White should play} 28. Qb8 $15) 28... Rb7 $17 29. f4 $2 (29. Qe5 $17) 29... exf3 $19 30. Bc4 (30. Ba6 $142 Rb1+ 31. Kf2) 30... Bxc4 31. Qxc4 {[%mdl 4096] Endgame KQ-KRR} e5 {[%cal Be7e5,Be5e4][%mdl 32]} 32. Qa6 $2 (32. Qh4 e4 33. Qg5+ Rg6 34. Qf4) 32... Re7 33. Kf2 e4 34. Ke3 {[#]} f4+ $1 35. gxf4 Ref7 36. f5 Rxf5 37. Qf1 f2 38. Ke2 Kf8 39. Kd2 {Accuracy: White = 39%, Black = 63%.} 0-1

[Event "94th Tradewise Hastings Congress"]
[Site "Hastings"]
[Date "2019.01.01"]
[Round "5"]
[White "Hawkins, Jonathan"]
[Black "Djuric, Stefan"]
[Result "1-0"]
[WhiteElo "2583"]
[BlackElo "2371"]
[Annotator "TA"]
[PlyCount "103"]
[EventDate "2018.12.28"]
[EventType "swiss"]
[EventCountry "ENG"]
[SourceTitle "playchess.com"]
[Source "ChessBase"]
[SourceQuality "1"]

{[%evp 14,103,44,21,40,22,71,75,75,55,98,97,119,106,127,117,105,112,144,139,149,105,130,90,165,103,113,114,118,119,125,82,158,153,139,139,152,129,136,150,153,122,563,557,552,555,503,454,424,410,577,503,472,483,442,378,417,417,494,483,503,462,454,392,432,416,412,407,429,435,428,422,493,486,485,490,473,477,592,587,647,650,719,700,743,731,721,713,778,771,830,831]} 1. e4 e5 2. Nf3 Nc6 3. Bc4 Nf6 4. d3 Be7 5. O-O O-O 6. Re1 d6 7. a4 {[%cal Ba2a4,Ba4a5][%mdl 32]} a6 {C55: Two Knights: 4 d3, 4 d4 exd4 5 e5 and Max Lange Attack} (7... Kh8 8. Nc3 Ng8 9. Nd5 f5 10. h3 fxe4 11. dxe4 Nf6 12. a5 a6 13. Ra3 Be6 14. Nxf6 Bxc4 15. Nd5 Bb5 {½-½ (67) Caruana,F (2822)-Grischuk,A (2766) Saint Louis 2018}) 8. h3 {LiveBook: 3 Games} Rb8 9. a5 Nd4 $146 {The position is equal.} ({Predecessor:} 9... Be6 10. Nbd2 Nd7 11. c3 Bf6 12. Nf1 Bxc4 13. dxc4 Nc5 14. b4 Ne6 15. Ne3 {½-½ (66) Maze,S (2530)-Cebalo,M (2533) Biel 2007}) 10. Nxd4 exd4 11. c3 d5 12. exd5 b5 13. axb6 $1 cxb6 14. cxd4 b5 15. Bb3 Rb6 16. Nc3 Ne8 17. Bd2 Rg6 18. Qf3 Nd6 {[#]} (18... Bb4 $16 {was called for.} 19. Bf4 Nf6) 19. Ne2 (19. Re5 $1 $18) 19... Rf6 20. Nf4 Nf5 21. Re4 Bd6 22. Rc1 Nh4 ({Black should play} 22... a5) 23. Qe2 $16 {aiming for Ne6.} Nf5 24. g3 Bb7 25. Qg4 {[#] Hoping for Nh5.} Nh6 26. Qg5 Qd7 27. g4 ({Don't play} 27. Nh5 $6 Rg6 $14) 27... Rxf4 $2 {[%mdl 8192]} (27... Kh8 $16 {is a better chance.} 28. Rce1 (28. Nh5 Rg6 $11) 28... Ng8) 28. Bxf4 $18 f6 29. Qh5 {Strongly threatening Bxd6.} Bxf4 30. Rxf4 Nf7 {With the idea ...g6.} 31. Qf5 Qd6 (31... Qxf5 $142 32. Rxf5 Nd6) 32. h4 a5 33. Rc5 a4 34. Bd1 Qd8 35. Re4 Bc8 36. Qf4 f5 37. gxf5 Nd6 38. Qg5 Bxf5 39. Qxd8 Rxd8 40. Re3 Bd7 41. Rc7 {White is clearly winning.} Kf8 42. Re5 Be8 43. Bg4 b4 44. Re3 Kg8 45. Ra7 a3 46. bxa3 b3 47. Re2 h5 48. Be6+ Kh7 49. Rb2 Nb5 50. Ra4 Nc7 51. Ra5 Kg6 52. Rxb3 {Accuracy: White = 62%, Black = 43%.} 1-0

[Event "94th Tradewise Hastings Congress"]
[Site "Hastings"]
[Date "2019.01.01"]
[Round "5"]
[White "Sulskis, Sarunas"]
[Black "Taylor, Adam A"]
[Result "1-0"]
[WhiteElo "2525"]
[BlackElo "2122"]
[Annotator "TA"]
[PlyCount "75"]
[EventDate "2018.12.28"]
[EventType "swiss"]
[EventCountry "ENG"]
[SourceTitle "playchess.com"]
[Source "ChessBase"]
[SourceQuality "1"]

{[%evp 21,75,35,70,41,75,72,66,59,62,78,82,56,108,117,157,156,149,157,144,163,163,154,160,137,137,134,203,197,191,204,220,222,248,237,242,208,217,176,183,184,281,265,250,266,250,245,248,230,304,313,417,347,653,645,618,614]} 1. e4 c5 2. Nf3 {[%cal Bg1f3,Bf3d4,Bd4b5,Bb5c3,Bc3e4][%mdl 32]} Nc6 3. d4 cxd4 4. Nxd4 e5 5. Nb5 d6 6. c4 Be7 7. b3 a6 8. N5c3 {B32: Sicilian: Löwenthal and Kalashnikov Variations} f5 9. exf5 Bxf5 10. Bd3 Be6 11. O-O Nf6 {LiveBook: 4 Games} 12. Ne4 Nb4 $146 ({Predecessor:} 12... O-O 13. Nbc3 Nd4 14. Nxf6+ Bxf6 15. Be4 Qd7 {½-½ (50) Rios Parra,A (2362)-Escobar Forero,A (2466) Pereira 2011}) 13. Nbc3 Nxd3 14. Nxf6+ Bxf6 15. Qxd3 O-O 16. Ba3 Be7 (16... e4 $1 $14 17. Nxe4 (17. Qxe4 Re8 $14) 17... Bxa1 18. Rxa1 Qa5) 17. Nd5 $16 Bg5 {[#]} 18. Bxd6 $1 {[%mdl 576] Double Attack} Bf5 (18... Qxd6 19. Nf6+) 19. Qg3 Qxd6 20. Qxg5 Bd3 21. Rfe1 e4 22. Rad1 {Strongly threatening Rxe4!} h6 23. Qg3 Qxg3 (23... Qa3 $16 {might work better.} 24. f3 Rae8) 24. hxg3 $18 (24. fxg3 $6 Rfd8 $16) 24... Rad8 25. Nb4 b5 26. c5 (26. Nxa6 $6 bxc4 27. Nb4 Ra8 $16) 26... a5 27. Nc6 $1 {[%csl LRa5,LRd8][%mdl 64] Double Attack} Ra8 28. Re3 Ra6 29. Ne5 Rf5 30. f4 ({Much less strong is} 30. Nxd3 $6 exd3 31. Rdxd3 (31. Rexd3 Rxc5 32. Rd5 Rac6 $16) 31... Rxc5 $16) 30... g5 (30... Rxe5 $142 31. fxe5 Rc6) 31. Rc1 ({Don't do} 31. Nxd3 $6 exd3 32. Rdxd3 (32. Rexd3 Rxc5 33. Rd7 gxf4 $16) 32... gxf4 $16) 31... Ra7 32. c6 Rc7 33. Nxd3 exd3 34. Rxd3 Kf8 35. Rd8+ Ke7 36. Rh8 Kd6 $2 (36... Ke6 37. Rxh6+ Kd5) 37. Rxh6+ Kd5 38. Rh5 {Accuracy: White = 83%, Black = 44%.} 1-0

[Event "94th Tradewise Hastings Congress"]
[Site "Hastings"]
[Date "2019.01.01"]
[Round "5"]
[White "Gormally, Daniel W"]
[Black "Petrov, Martin"]
[Result "1/2-1/2"]
[WhiteElo "2478"]
[BlackElo "2472"]
[Annotator "TA"]
[PlyCount "30"]
[EventDate "2018.12.28"]
[EventType "swiss"]
[EventCountry "ENG"]
[SourceTitle "playchess.com"]
[Source "ChessBase"]
[SourceQuality "1"]

{[%evp 18,30,-30,-23,-14,-23,-20,-27,-28,-39,-20,0,0,0,6]} 1. e4 c5 2. Nf3 d6 3. Bb5+ Bd7 4. Bxd7+ Qxd7 5. Nc3 e6 6. O-O Be7 7. d4 cxd4 8. Nxd4 Nf6 9. b3 Nc6 10. Bb2 {LiveBook: 3 Games} O-O {B52: Sicilian: Moscow Variation with 3...Bd7} (10... Rc8 11. Re1 O-O 12. Ncb5 Nxd4 13. Nxd4 b5 14. Qd3 b4 15. a3 d5 16. exd5 Nxd5 17. axb4 Nxb4 18. Qg3 Bf6 {1-0 (29) Najdin,D (2233)-Balashov,Y (2451) Tambov 2017}) 11. Qd2 Rac8 $146 ({Predecessor:} 11... a6 12. a4 Rac8 13. Rad1 Qc7 {½-½ (21) Pritsopoulos,C (1925)-Federzoni,E (1597) Sao Paulo 2015}) 12. Rad1 Rfd8 13. Rfe1 a6 14. Na4 {[#] Strongly threatening Nb6.} Qc7 15. c4 $1 Nxd4 1/2-1/2

[Event "94th Tradewise Hastings Congress"]
[Site "Hastings"]
[Date "2019.01.01"]
[Round "5"]
[White "Kjartansson, Gudmundur"]
[Black "Villiers, Thomas"]
[Result "1-0"]
[WhiteElo "2415"]
[BlackElo "2205"]
[Annotator "TA"]
[PlyCount "113"]
[EventDate "2018.12.28"]
[EventType "swiss"]
[EventCountry "ENG"]
[SourceTitle "playchess.com"]
[Source "ChessBase"]
[SourceQuality "1"]

{[%evp 17,112,76,82,68,68,68,89,91,89,89,102,92,108,108,116,104,125,121,163,159,156,118,182,158,236,241,258,220,220,220,222,222,216,216,224,223,266,266,268,268,268,275,276,276,276,274,276,276,276,276,276,276,276,276,276,276,276,276,276,276,276,276,276,276,276,276,276,276,276,276,276,276,276,276,277,241,440,433,432,438,436,440,531,521,1071,1046,1001,971,2039,1969,29984,29986,29991,29992,29998,29999,29999]} 1. Nf3 c5 2. c4 Nc6 3. Nc3 g6 4. e3 Bg7 5. d4 d6 6. Be2 Nf6 {A35: Symmetrical English: 2 Nc3 Nc6 3 Nf3} (6... e6 7. O-O Nf6 8. e4 O-O 9. d5 Nd4 10. dxe6 Nxe2+ 11. Qxe2 Bxe6 12. Bf4 Nh5 13. Bg5 Qb6 14. Nd5 Bxd5 15. exd5 {½-½ (30) Banusz,T (2612)-Ivanisevic,I (2574) Valjevo 2018}) 7. d5 Nb8 8. e4 O-O 9. O-O Bg4 {LiveBook: 7 Games} 10. h3 Bxf3 11. Bxf3 Ne8 12. Be3 Nd7 13. Be2 $146 ({Predecessor:} 13. Qd2 a6 14. Be2 Qa5 15. a4 {1-0 (74) Pachman,L-Udovcic,M Titovo Uzice 1966}) 13... Qb6 14. Rb1 Nc7 15. Qc2 a5 16. Rbd1 Rad8 17. Kh1 e5 18. Bd3 Ne8 19. g4 h6 (19... Bf6 $16 {might work better.} 20. Na4 Qa6) 20. f3 g5 (20... Ra8 $16 {was necessary.} 21. Kg2 Qd8) 21. h4 $18 f6 22. Rd2 Rf7 23. Rh2 Nf8 24. h5 Nd7 25. Rb1 Qa6 26. a3 b6 27. Qe2 Ra8 28. Bc2 {[%cal Bd3c2,Bc2a4,Ba4c6][%mdl 32]} Nb8 29. Ba4 Qc8 30. Qd3 Bf8 31. b3 Na6 32. Bc6 Raa7 33. Ra2 Nb8 34. Ba4 Na6 35. Kg2 Nec7 36. Bf2 Kh8 37. Rab2 Rh7 38. Nd1 {[%cal Bc3d1,Bd1e3,Be3f5][%mdl 32]} Be7 39. Ne3 Kg8 40. Nf5 Bf8 41. Kg3 Rf7 42. Be1 Kh7 43. Kh3 Nb8 44. Bc3 Nca6 45. Bd2 Ra8 46. f4 gxf4 $2 (46... Nd7 {was worth a try.} 47. fxg5 fxg5) 47. Bxf4 exf4 {[#]} 48. e5 $1 {[%cal Be4e5,Be5e6][%mdl 544]} Kh8 (48... dxe5 49. Nxh6+) 49. e6 Rh7 50. Rf1 Be7 51. Nxe7 Rxe7 52. Rxf4 Raa7 53. Rxf6 {[%cal Bf4f6,Bf6g6,Bg6g8][%mdl 32]} Qg8 54. Rbf2 {White mates.} Qg5 55. Rg6 Qc1 56. Rf8+ Kh7 57. Rgg8# {Accuracy: White = 80%, Black = 41%.} 1-0

[Event "94th Tradewise Hastings Congress"]
[Site "Hastings"]
[Date "2019.01.01"]
[Round "5"]
[White "Bates, Richard A"]
[Black "Brown, Thomas"]
[Result "1-0"]
[WhiteElo "2372"]
[BlackElo "2068"]
[Annotator "TA"]
[PlyCount "87"]
[EventDate "2018.12.28"]
[EventType "swiss"]
[EventCountry "ENG"]
[SourceTitle "playchess.com"]
[Source "ChessBase"]
[SourceQuality "1"]

{[%evp 10,87,54,27,57,4,34,25,33,42,25,10,52,9,11,0,2,-22,66,73,59,71,59,67,67,62,96,99,110,100,104,93,102,106,110,107,98,65,43,22,22,0,0,0,0,0,0,0,0,0,0,0,0,0,0,0,0,0,0,0,12106,6652,6620,6520,5710,0,2001,0,1946,1597,1023,1023,996,978,978,770,703,693,663,656]} 1. d4 g6 2. Nf3 Bg7 3. g3 c5 4. d5 b5 5. e4 a6 6. a4 {LiveBook: 3 Games. A40: Unusual replies to 1 d4} Bb7 $146 ({Predecessor:} 6... b4 7. Bg2 d6 8. O-O Bg4 9. Nbd2 Nf6 10. h3 Bxf3 11. Qxf3 O-O {0-1 (42) Ponfilenok,V (2399)-Bocharov,D (2598) Kazan 2014}) 7. Nbd2 ({White should try} 7. axb5 $14 axb5 8. Rxa8 Bxa8 9. Bf4) 7... c4 8. Bg2 {White is slightly better.} Nf6 9. O-O O-O 10. Re1 d6 11. Nd4 Nxd5 12. exd5 Bxd4 {[#]} 13. Nxc4 $1 {[%mdl 512]} Bg7 (13... Bxf2+ $1 $11 14. Kxf2 bxc4) (13... bxc4 14. Qxd4) 14. axb5 $14 axb5 15. Rxa8 Bxa8 16. Na3 b4 17. Nc4 Nd7 18. Bd2 Nb6 19. Nxb6 Qxb6 20. Rxe7 Bxb2 21. Bh6 Bg7 22. Bxg7 Kxg7 23. Qa1+ Kg8 24. h4 {Black should prevent h5!} Qc5 25. Ra7 Qxc2 26. Rxa8 {[#] Threatens to win with Ra7.} b3 $1 {[%cal Bb4b3,Bb3b2][%mdl 32] And now ...b2 would win.} 27. Rxf8+ Kxf8 28. Qa8+ Kg7 {Strongly threatening ...b2.} 29. Qc6 Qb1+ 30. Kh2 b2 $1 31. Qc3+ Kg8 32. Qc8+ Kg7 33. Qc3+ Kg8 34. Qb3 f5 $2 {[%mdl 8192]} (34... h5 $11) 35. Qb8+ $18 Kg7 36. Qc7+ Kg8 37. Qb8+ (37. Qc8+ $142 Kg7 38. Qd7+ Kg8 39. Qe6+ Kg7 40. Qxd6) 37... Kg7 38. Qc7+ Kg8 $1 39. Qc8+ {White is clearly winning.} Kg7 40. Qd7+ Kg8 41. Qxd6 {White threatens Qd8+ and mate.} Qa2 42. Qe6+ Kf8 43. Qf6+ Kg8 44. d6 {Precision: White = 57%, Black = 61%.} 1-0

[Event "94th Tradewise Hastings Congress"]
[Site "Hastings"]
[Date "2019.01.01"]
[Round "5"]
[White "Petrov, Vladimir Sergeev"]
[Black "Korneev, Oleg"]
[Result "1/2-1/2"]
[WhiteElo "2365"]
[BlackElo "2550"]
[Annotator "TA"]
[PlyCount "63"]
[EventDate "2018.12.28"]
[EventType "swiss"]
[EventCountry "ENG"]
[SourceTitle "playchess.com"]
[Source "ChessBase"]
[SourceQuality "1"]

{[%evp 24,63,0,0,0,0,5,0,0,-2,0,0,0,0,10,0,18,10,13,0,0,-5,19,13,58,35,25,0,0,0,0,0,0,0,0,0,0,0,0,0,0,-3]} 1. e4 e5 2. Nf3 Nc6 3. Nc3 Nf6 4. d4 exd4 5. Nxd4 Bb4 6. Nxc6 bxc6 7. Bd3 O-O 8. O-O d5 9. exd5 cxd5 10. Bg5 c6 11. Qf3 Be7 12. Rae1 Be6 13. h3 {LiveBook: 8 Games. C47: Scotch Four Knights and Four Knights with 4 g3} h6 (13... Rb8 14. Nd1 h6 15. Bxh6 gxh6 16. Rxe6 fxe6 17. Qg3+ Kh8 18. Qg6 Qe8 19. Qxh6+ Kg8 20. Qg5+ Kh8 21. Qh6+ Kg8 22. Qg5+ Kh8 23. Qh6+ {½-½ (23) Ovetchkin,R (2529)-Lysyj,I (2656) Ekaterinburg 2013}) 14. Bf4 Bd6 15. Ne2 c5 $146 ({Predecessor:} 15... Bxf4 16. Qxf4 c5 17. Ng3 {½-½ (17) Stepak,Y-Domnitz,Z Tel Aviv 1962}) 16. Ng3 Rb8 17. b3 Bxf4 18. Qxf4 Rb4 19. Qd2 Qd6 20. Re2 Qf4 21. Rfe1 Qxd2 22. Rxd2 h5 23. Re5 h4 24. c3 Rb6 25. Nh5 c4 {The position is equal.} 26. Bc2 cxb3 27. axb3 Nxh5 28. Rxh5 Rc8 29. Rxh4 Rxc3 30. Rhd4 a5 31. Bd1 Kf8 32. Kf1 {Accuracy: White = 72%, Black = 77%.} 1/2-1/2

[Event "94th Tradewise Hastings Congress"]
[Site "Hastings"]
[Date "2019.01.01"]
[Round "5"]
[White "Taylor, Adam C"]
[Black "White, Stuart A"]
[Result "1-0"]
[WhiteElo "2331"]
[BlackElo "2096"]
[Annotator "TA"]
[PlyCount "55"]
[EventDate "2018.12.28"]
[EventType "swiss"]
[EventCountry "ENG"]
[SourceTitle "playchess.com"]
[Source "ChessBase"]
[SourceQuality "1"]

{[%evp 13,55,3,17,-7,-16,-18,-1,-13,29,26,25,18,18,18,18,18,45,18,24,24,78,79,75,61,87,81,164,156,150,161,285,286,285,263,284,278,279,275,268,274,257,262,256,255]} 1. g3 e5 2. Bg2 d5 3. c4 c6 4. cxd5 cxd5 5. d4 e4 6. Nc3 {A20: English Opening: 1...e5} Nf6 7. Bg5 (7. Nh3 Bb4 8. O-O Bxc3 9. bxc3 O-O 10. f3 exf3 11. Rxf3 h6 12. Qf1 Nbd7 {½-½ (50) Aronian,L (2785)-Anand,V (2779) Doha 2016}) 7... Nbd7 {LiveBook: 46 Games} 8. Rc1 {The position is equal.} h6 $146 ({Predecessor:} 8... Bd6 9. Qa4 O-O 10. Nxd5 Nb6 11. Nxb6 Qxb6 12. Bxf6 gxf6 13. Bxe4 Qxb2 {1-0 (32) D'Costa,L (2427)-Shaw,J (2426) England 2014}) 9. Bf4 Be7 10. Qb3 Qa5 11. Bd2 {[#] aiming for Nb5.} Qb6 $1 12. f3 {[%cal Rf3e4]} Qxb3 13. axb3 {[%cal Rf3e4]} exf3 14. Nxf3 O-O 15. O-O a6 16. Nh4 $36 {[%cal Bf3h4,Bh4f5,Bf5d6][%mdl 2080] White has good play.} Bb4 (16... Nb6 $11) 17. Nf5 $16 Re8 18. Rc2 Bxc3 19. Bxc3 Re6 (19... Ne4 $16 {was necessary.}) 20. Bb4 $18 {[#] And now Ne7+ would win.} a5 21. Ra1 Re8 (21... Nb6 $142 22. Rxa5 Rxa5 23. Bxa5 Bd7 24. Bxb6 Rxb6) 22. Nd6 {White has a decisive advantage.} ({Don't take} 22. Rxa5 $6 Rxa5 23. Bxa5 b6 $18) 22... Rd8 23. Rxa5 ({Weaker is} 23. Nxc8 Rdxc8 24. Rxc8+ (24. Rxa5 Rxc2 25. Rxa8+ Kh7 $16) 24... Rxc8 $16) 23... Rxa5 24. Bxa5 b6 25. Rxc8 ({Less strong is} 25. Nxc8 bxa5 26. Bh3 Kf8 $16) 25... Rxc8 26. Nxc8 bxa5 27. Ne7+ Kf8 28. Nxd5 {Accuracy: White = 83%, Black = 40%.} 1-0